000 00891nam a2200265 i 4500
003 DO-SdBNP
005 20240702090415.0
007 ta
008 240702b2024 dr a|||| |||| 00| 0 spa d
020 _a9789945943405
040 _aDO-SdBNP
_bspa
_cBNPHU
_erda
082 4 _222
100 1 _aMontero, Ileana,
_eautor
_985917
245 1 4 _aLos legados del abuelo Johnny /
_bIleana Montero ; ilustraciones, Taína Almodóvar ; corrección y traducción, Nani Martínez
264 _aSanto Domingo :
_bBúho,
_c2024.
300 _a32 páginas :
_bilustraciones ;
_c23 cm.
336 _2rdacontent
_atexto
_btxt
337 _2rdamedia
_asin mediación
_bn
338 _2rdacarrier
_avolumen
_bnc
590 _aInventariado, 2024/BT
700 1 _aAlmóvar, Taína,
_eilustración
_985918
700 1 _aMartínez, Nani,
_ecorrección y traducción
_985919
910 _aBtavárez
942 _2ddc
_cLF2
999 _c57107
_d57107